[Event "26. Copenhagen Open  (Politiken Cup)"]
[Site "Taastrup"]
[Date "2004.07.29"]
[Round "7"]
[White "Danielsen, Magnus"]
[Black "Jensen, Alexander Lindberg"]
[Result "1/2-1/2"]
[WhiteElo "1928"]
[BlackElo "1567"]
[PlyCount "101"]
[EventDate "2004.07.24"]
[EventType "swiss"]
[EventRounds "10"]
[EventCountry "DEN"]
[SourceDate "2004.01.01"]

1. e4 d5 2. exd5 Qxd5 3. Nc3 Qa5 4. d4 c6 5. Bc4 e6 6. Nf3 Bb4 7. Bd2 Nf6 8. a3
Bxc3 9. Bxc3 Qd8 10. O-O Nbd7 11. Re1 O-O 12. Bd2 Re8 13. Bg5 h6 14. Bh4 Nb6
15. Bd3 g5 16. Bg3 Nh5 17. c3 Nxg3 18. hxg3 Kg7 19. Ne5 Nd7 20. Qe2 Nxe5 21.
dxe5 b6 22. Rad1 Bb7 23. Qf3 Qe7 24. Be4 Rac8 25. Rd6 Red8 26. Red1 Rxd6 27.
Rxd6 Rc7 28. Bxc6 Bxc6 29. Rxc6 Rxc6 30. Qxc6 Qd8 31. Qf3 Kg8 32. Qh5 Kg7 33.
Qe2 Qd5 34. c4 Qd4 35. Kh2 a6 36. b4 Qc3 37. Qe3 Qxc4 38. Qxb6 Qb5 39. Qe3 Qd5
40. g4 Kg6 41. f3 Kg7 42. Kg3 Qc4 43. Kf2 Qa2+ 44. Kg3 Qc4 45. Kh2 Qd5 46. Qc3
Qd1 47. Qc4 Qe1 48. Qxa6 Qxe5+ 49. g3 Qe3 50. Kg2 Qd2+ 51. Kf1 1/2-1/2

[Event "26. Copenhagen Open  (Politiken Cup)"]
[Site "Taastrup"]
[Date "2004.07.29"]
[Round "7"]
[White "Dignam, Matthew"]
[Black "Bach, Matthias"]
[Result "1/2-1/2"]
[WhiteElo "2144"]
[BlackElo "2354"]
[PlyCount "93"]
[EventDate "2004.07.24"]
[EventType "swiss"]
[EventRounds "10"]
[EventCountry "DEN"]
[SourceDate "2004.01.01"]

1. e4 d6 2. d4 Nf6 3. Nc3 g6 4. g3 Bg7 5. Bg2 O-O 6. Nge2 e5 7. O-O Nc6 8. dxe5
dxe5 9. Bg5 Qxd1 10. Raxd1 Nb4 11. a3 Nxc2 12. Rd2 Nd4 13. Nxd4 exd4 14. Nb5 c6
15. Nxd4 Re8 16. f3 Nd7 17. Rfd1 Nc5 18. Be3 Ne6 19. Nxe6 Bxe6 20. b4 a5 21.
bxa5 Bc3 22. Rd3 Bxa5 23. Rb1 b6 24. Rd6 c5 25. Bf1 Red8 26. Rbd1 Rxd6 27. Rxd6
Rc8 28. Ba6 Ra8 29. Bb7 Rb8 30. Bd5 Bxd5 31. exd5 Bc3 32. Rc6 Bd4 33. Bxd4 cxd4
34. Rc4 Kf8 35. d6 Ke8 36. Rxd4 Kd7 37. Kf2 b5 38. Ke3 Ra8 39. Rd3 Ra4 40. h4
b4 41. axb4 Rxb4 42. Rd5 h6 43. h5 Rb6 44. g4 gxh5 45. Rf5 hxg4 46. Rxf7+ Ke6
47. Rh7 1/2-1/2

[Event "26. Copenhagen Open  (Politiken Cup)"]
[Site "Taastrup"]
[Date "2004.07.29"]
[Round "7"]
[White "Ekeberg, Carl Fredrik"]
[Black "Olsen, Aage Dalstrup"]
[Result "1-0"]
[WhiteElo "2298"]
[BlackElo "2098"]
[PlyCount "91"]
[EventDate "2004.07.24"]
[EventType "swiss"]
[EventRounds "10"]
[EventCountry "DEN"]
[SourceDate "2004.01.01"]

1. Nf3 d5 2. d4 Nf6 3. c4 e6 4. Nc3 Be7 5. Bg5 O-O 6. e3 b6 7. Rc1 Nbd7 8. cxd5
exd5 9. Qa4 Bb7 10. Ba6 Bxa6 11. Qxa6 Re8 12. O-O Nf8 13. Qb7 Bd6 14. Bxf6 Qxf6
15. Nxd5 Qf5 16. Nxc7 Rab8 17. Qd5 Qd7 18. Qc6 Bxc7 19. Qxc7 Qe6 20. Qc4 Qf5
21. Ne5 Rbc8 22. Qe2 Qe6 23. b3 f6 24. Nf3 Ng6 25. Qb5 Ne7 26. Rc4 Nd5 27. Rfc1
Rcd8 28. Rc6 Qe4 29. Nd2 Qg4 30. Rd6 Qh5 31. Rxd8 Rxd8 32. Nf1 Qg4 33. h3 Qe6
34. Qc6 Qe7 35. Ng3 g6 36. e4 Nf4 37. Qc4+ Kf8 38. d5 h5 39. Qc7 h4 40. Qxf4
hxg3 41. fxg3 Rd7 42. Rc6 Kg7 43. d6 Qf8 44. Kh2 Kg8 45. e5 fxe5 46. Qxe5 1-0

[Event "26. Copenhagen Open  (Politiken Cup)"]
[Site "Taastrup"]
[Date "2004.07.29"]
[Round "7"]
[White "Fedorov, Aleksander"]
[Black "Mortensen, Erling"]
[Result "1-0"]
[WhiteElo "2620"]
[BlackElo "2455"]
[PlyCount "63"]
[EventDate "2004.07.24"]
[EventType "swiss"]
[EventRounds "10"]
[EventCountry "DEN"]
[SourceDate "2004.01.01"]

1. e4 c5 2. Nf3 e6 3. d3 Nc6 4. c3 d5 5. Qe2 Nf6 6. g3 Be7 7. Bg2 b5 8. O-O O-O
9. e5 Nd7 10. h4 b4 11. c4 Nb6 12. Bf4 a5 13. Nbd2 Ra7 14. Rfe1 a4 15. Rac1 Rd7
16. Qe3 Bb7 17. h5 h6 18. Nf1 dxc4 19. dxc4 Rd3 20. Qe2 Qd7 21. N3d2 Rd8 22.
Ne4 Rd4 23. Nh2 Na5 24. Ng4 Bxe4 25. Bxe4 Naxc4 26. Bb1 Kf8 27. Qc2 Ke8 28. Qh7
Bf8 29. Be4 Nd5 30. Bxh6 Nd2 31. Bxd2 Rxd2 32. h6 1-0

[Event "26. Copenhagen Open  (Politiken Cup)"]
[Site "Taastrup"]
[Date "2004.07.29"]
[Round "7"]
[White "Fjellheim, Marius"]
[Black "Sondergaard, Bent Hvid"]
[Result "1-0"]
[WhiteElo "1237"]
[BlackElo "1488"]
[PlyCount "93"]
[EventDate "2004.07.24"]
[EventType "swiss"]
[EventRounds "10"]
[EventCountry "DEN"]
[SourceDate "2004.01.01"]

1. e4 d5 2. exd5 Qxd5 3. Nc3 Qa5 4. d4 Nf6 5. Bc4 c6 6. Bd2 Qb6 7. Nf3 Bf5 8.
O-O e6 9. Re1 Bb4 10. a3 Bxc3 11. Bxc3 O-O 12. Nh4 Bg4 13. f3 Bh5 14. Qd2 Nbd7
15. Ba5 Qxb2 16. Reb1 Qxa1 17. Rxa1 b6 18. Bb4 Rfe8 19. g4 Bg6 20. Nxg6 hxg6
21. h4 Nd5 22. Bxd5 cxd5 23. Qh2 a5 24. Bd6 Rec8 25. Rc1 Rc3 26. Kf2 Rac8 27.
Kg3 R3c4 28. Qd2 b5 29. h5 gxh5 30. gxh5 Nf6 31. Kg2 Nxh5 32. Qg5 Rxc2+ 33.
Rxc2 Rxc2+ 34. Kh3 Nf6 35. Be5 Rc3 36. Bxf6 Rxf3+ 37. Kg4 Rxf6 38. Qd2 b4 39.
a4 Rf5 40. Qd3 g6 41. Qb5 f6 42. Qxa5 b3 43. Qb4 e5 44. Qxb3 Rf4+ 45. Kg3 Rxd4
46. a5 e4 47. a6 1-0

[Event "26. Copenhagen Open  (Politiken Cup)"]
[Site "Taastrup"]
[Date "2004.07.29"]
[Round "7"]
[White "Fredriksen, Jan Gunnar"]
[Black "Mathiesen, Erik"]
[Result "1/2-1/2"]
[WhiteElo "1766"]
[BlackElo "2112"]
[PlyCount "63"]
[EventDate "2004.07.24"]
[EventType "swiss"]
[EventRounds "10"]
[EventCountry "DEN"]
[SourceDate "2004.01.01"]

1. e4 e5 2. f4 d5 3. Nf3 dxe4 4. Nxe5 Be6 5. Qe2 Qd4 6. Qb5+ Kd8 7. Qxb7 Bd5 8.
Qb5 a6 9. Qe2 f6 10. c3 Qa7 11. Ng4 h5 12. Ne3 Bc6 13. Qc4 Nh6 14. b4 Bd6 15.
g3 Re8 16. a4 g5 17. fxg5 fxg5 18. Bg2 Qb7 19. Qd4 Ng4 20. Nc4 e3 21. Na5 exd2+
22. Kxd2 Re2+ 23. Kd1 Bxa4+ 24. Rxa4 Qxg2 25. Bxg5+ Kd7 26. Rg1 Qf3 27. Nd2
Nf2+ 28. Kc1 Qf5 29. Qf6 Qd3 30. Qd8+ Ke6 31. Qf6+ Kd7 32. Qd8+ 1/2-1/2

[Event "26. Copenhagen Open  (Politiken Cup)"]
[Site "Taastrup"]
[Date "2004.07.29"]
[Round "7"]
[White "Frisk, Ellinor"]
[Black "Larsen, Andreas"]
[Result "0-1"]
[WhiteElo "2007"]
[BlackElo "1537"]
[PlyCount "150"]
[EventDate "2004.07.24"]
[EventType "swiss"]
[EventRounds "10"]
[EventCountry "DEN"]
[SourceDate "2004.01.01"]

1. e4 c6 2. d4 d5 3. e5 Bf5 4. h4 Qd7 5. Bd3 Bxd3 6. Qxd3 Qg4 7. g3 Na6 8. a3
Nc7 9. Ne2 e6 10. Bg5 f6 11. exf6 gxf6 12. Bf4 O-O-O 13. Nbc3 Bd6 14. Bxd6 Rxd6
15. f4 Nh6 16. O-O-O Nf5 17. Na4 Re8 18. Rhf1 Rd7 19. Nc5 Rg7 20. Rf3 Nb5 21.
Rdf1 Nbd6 22. a4 Reg8 23. a5 Nc4 24. a6 b6 25. Nb7 Nfd6 26. Nxd6+ Nxd6 27. Re1
Ne4 28. Rg1 Rc7 29. Nc3 f5 30. Re3 Qh3 31. Nxe4 fxe4 32. Qa3 Rd7 33. Rc3 Kc7
34. Kb1 Qh2 35. Rc1 Qd2 36. Qa4 Rd6 37. Qa3 Qxd4 38. Rf1 Qd2 39. f5 Qe2 40. Rc1
exf5 41. Re3 Qd2 42. Qb3 c5 43. Rf1 Rf8 44. Ree1 Qd4 45. Rf4 Qe5 46. Qf3 Rdf6
47. Qh5 R8f7 48. Qg5 Rg6 49. Qh5 Qe6 50. Ref1 Rgf6 51. g4 e3 52. gxf5 Qe5 53.
Qe2 Rxf5 54. Rxf5 Rxf5 55. Rxf5 Qxf5 56. Qxe3 Qf1+ 57. Ka2 Qxa6+ 58. Kb1 Qf1+
59. Ka2 Qf7 60. Qe5+ Kc6 61. b3 a5 62. Qb8 Qd7 63. Qe5 Kb7 64. h5 a4 65. h6
axb3+ 66. cxb3 b5 67. Qg7 Kc8 68. Qf8+ Kb7 69. Qxc5 d4 70. Qe5 d3 71. Qe4+ Kb6
72. Qe3+ Ka6 73. Qd2 Qf5 74. Kb2 Qe5+ 75. Ka3 Qa1+ 0-1

[Event "26. Copenhagen Open  (Politiken Cup)"]
[Site "Taastrup"]
[Date "2004.07.29"]
[Round "7"]
[White "Frisk, Hans"]
[Black "Overmark, Ole"]
[Result "0-1"]
[WhiteElo "1960"]
[BlackElo "1653"]
[PlyCount "80"]
[EventDate "2004.07.24"]
[EventType "swiss"]
[EventRounds "10"]
[EventCountry "DEN"]
[SourceDate "2004.01.01"]

1. e4 e6 2. d4 d5 3. e5 c5 4. c3 Nc6 5. Nf3 Qb6 6. Bd3 Bd7 7. dxc5 Bxc5 8. O-O
Qc7 9. b4 Bb6 10. Qe2 Nge7 11. Na3 a6 12. b5 Na5 13. bxa6 bxa6 14. Bxa6 O-O 15.
Bd3 Ng6 16. Nb5 Bxb5 17. Bxb5 Rfc8 18. a4 Nc4 19. Ba3 Nf4 20. Qc2 Nxe5 21. Nxe5
Qxe5 22. Bb4 d4 23. c4 d3 24. Qd2 Qe4 25. Qxf4 Qxf4 26. g3 Qd4 27. a5 Ba7 28.
Rac1 h5 29. Bc3 Qg4 30. Ba6 Rd8 31. Bb7 Rab8 32. a6 f6 33. Ba5 Rd4 34. c5 h4
35. Bb6 Rxb7 36. axb7 Qf3 37. Bxa7 h3 38. b8=Q+ Kh7 39. Qb7 Rd5 40. Qxd5 exd5
0-1

[Event "26. Copenhagen Open  (Politiken Cup)"]
[Site "Taastrup"]
[Date "2004.07.29"]
[Round "7"]
[White "Gaspariants, Garry"]
[Black "Marder, Simon"]
[Result "1/2-1/2"]
[WhiteElo "2293"]
[BlackElo "2054"]
[PlyCount "60"]
[EventDate "2004.07.24"]
[EventType "swiss"]
[EventRounds "10"]
[EventCountry "DEN"]
[SourceDate "2004.01.01"]

1. c4 g5 2. Nc3 h6 3. g3 Bg7 4. Bg2 c5 5. e4 Nc6 6. d3 d6 7. Nge2 e6 8. O-O
Nge7 9. h3 Ng6 10. Be3 e5 11. Nd5 Be6 12. a3 Qd7 13. Kh2 Nd4 14. Nxd4 cxd4 15.
Bd2 Bxd5 16. cxd5 Qb5 17. Qc2 O-O 18. a4 Qd7 19. Rac1 f5 20. exf5 Ne7 21. g4
Rac8 22. Qb3 Kh7 23. Be4 Bf6 24. Qb5 Qxb5 25. axb5 Rxc1 26. Rxc1 Rc8 27. Rc4
Rxc4 28. dxc4 Nc8 29. b4 Kg7 30. c5 b6 1/2-1/2

[Event "26. Copenhagen Open  (Politiken Cup)"]
[Site "Taastrup"]
[Date "2004.07.29"]
[Round "7"]
[White "Gerstoft, Philip"]
[Black "Rosenkilde, Alexander"]
[Result "0-1"]
[WhiteElo "1285"]
[BlackElo "1989"]
[PlyCount "74"]
[EventDate "2004.07.24"]
[EventType "swiss"]
[EventRounds "10"]
[EventCountry "DEN"]
[SourceDate "2004.01.01"]

1. e4 c5 2. Nf3 Nc6 3. d4 cxd4 4. Nxd4 Nf6 5. Nc3 e5 6. Ndb5 d6 7. Bg5 a6 8.
Na3 b5 9. Bxf6 gxf6 10. Nd5 f5 11. Bd3 Be6 12. Qh5 Bg7 13. O-O f4 14. c4 bxc4
15. Bxc4 O-O 16. Nc2 Rb8 17. b3 a5 18. a4 Kh8 19. Rad1 Qd7 20. Qe2 f5 21. Bb5
Qb7 22. Nxf4 exf4 23. Rxd6 Bd7 24. Rfd1 Rf7 25. Qc4 Ne5 26. Qxf7 Nxf7 27. Rxd7
Qxe4 28. Bd3 Qe8 29. Bxf5 Rd8 30. Re1 Qf8 31. Rde7 Bc3 32. R1e2 Rd1+ 33. Ne1
Bxe1 34. Rxe1 Qxe7 35. Rxd1 Qb4 36. Be6 Ng5 37. Bc4 Ne4 0-1

[Event "26. Copenhagen Open  (Politiken Cup)"]
[Site "Taastrup"]
[Date "2004.07.29"]
[Round "7"]
[White "Gullaksen, Eirik T"]
[Black "Nolsoe, Eydun"]
[Result "1/2-1/2"]
[WhiteElo "2390"]
[BlackElo "2212"]
[PlyCount "45"]
[EventDate "2004.07.24"]
[EventType "swiss"]
[EventRounds "10"]
[EventCountry "DEN"]
[SourceDate "2004.01.01"]

1. e4 c5 2. Nf3 d6 3. d4 cxd4 4. Nxd4 Nf6 5. Nc3 a6 6. Bc4 e6 7. O-O b5 8. Bb3
Bb7 9. Re1 Nbd7 10. Bxe6 fxe6 11. Nxe6 Qc8 12. Bf4 Kf7 13. Nxf8 Rxf8 14. Bxd6
Re8 15. a4 Qc6 16. axb5 axb5 17. Rxa8 Bxa8 18. f3 Ne5 19. Bb4 Qb6+ 20. Kh1 Bc6
21. Qc1 Kg8 22. b3 h6 23. Qe3 1/2-1/2

[Event "26. Copenhagen Open  (Politiken Cup)"]
[Site "Taastrup"]
[Date "2004.07.29"]
[Round "7"]
[White "Gvein, Kenneth"]
[Black "Brasoy, Aksel"]
[Result "1-0"]
[WhiteElo "2102"]
[BlackElo "2004"]
[PlyCount "57"]
[EventDate "2004.07.24"]
[EventType "swiss"]
[EventRounds "10"]
[EventCountry "DEN"]
[SourceDate "2004.01.01"]

1. c4 e5 2. g3 Nf6 3. Bg2 c6 4. d4 exd4 5. Qxd4 d5 6. cxd5 cxd5 7. Nf3 Nc6 8.
Qd1 Bc5 9. O-O O-O 10. Nbd2 Bb6 11. Nb3 d4 12. Bf4 Re8 13. Rc1 Ne4 14. Nfd2 Bf5
15. Nc4 g5 16. Bd2 Bc7 17. Be1 Rc8 18. f3 Nf6 19. Bf2 d3 20. e4 Be6 21. Qd2 h6
22. Nc5 b5 23. Na3 Ba5 24. Qxd3 Qxd3 25. Nxd3 Red8 26. Nc5 Nd4 27. Bxd4 Rxd4
28. Nxe6 Rxc1 29. Nxd4 1-0

[Event "26. Copenhagen Open  (Politiken Cup)"]
[Site "Taastrup"]
[Date "2004.07.29"]
[Round "7"]
[White "Hammer, Jon Ludvig"]
[Black "Schou Moldt, Thomas"]
[Result "1-0"]
[WhiteElo "2095"]
[BlackElo "2248"]
[PlyCount "81"]
[EventDate "2004.07.24"]
[EventType "swiss"]
[EventRounds "10"]
[EventCountry "DEN"]
[SourceDate "2004.01.01"]

1. e4 c6 2. Nc3 d5 3. Qf3 dxe4 4. Nxe4 Nd7 5. Ne2 Ngf6 6. N2c3 Ne5 7. Qg3 Qd4
8. d3 Ng6 9. Be3 Nxe4 10. dxe4 Qb4 11. Rb1 e5 12. h4 Be6 13. a3 Qa5 14. Bd2 Qc7
15. Be2 Nf4 16. Bg4 h5 17. Bxe6 Nxe6 18. Ne2 O-O-O 19. Be3 Be7 20. b4 Bf6 21.
f3 Rhg8 22. Qf2 Nd4 23. Ng3 g6 24. a4 Qe7 25. c3 Ne6 26. Ne2 Rd3 27. Bxa7 Nf4
28. b5 Bxh4 29. g3 Nxe2 30. Kxe2 Rxc3 31. Rhc1 Rxc1 32. Rxc1 Qa3 33. Rc2 Qxa4
34. Qc5 Be7 35. Qc3 Qxa7 36. bxc6 Qa6+ 37. Kf2 Qb6+ 38. Kg2 Kb8 39. Rb2 Qd4 40.
Rxb7+ Kc8 41. Qa5 1-0

[Event "26. Copenhagen Open  (Politiken Cup)"]
[Site "Taastrup"]
[Date "2004.07.29"]
[Round "7"]
[White "Hansen, Martin"]
[Black "Scherwin, Claes"]
[Result "1/2-1/2"]
[WhiteElo "1732"]
[BlackElo "1444"]
[PlyCount "106"]
[EventDate "2004.07.24"]
[EventType "swiss"]
[EventRounds "10"]
[EventCountry "DEN"]
[SourceDate "2004.01.01"]

1. e4 c5 2. Nc3 d6 3. g3 e5 4. Bg2 Nf6 5. d3 Nc6 6. Nge2 Be6 7. O-O Qd7 8. f3
Bh3 9. Be3 Bxg2 10. Kxg2 Nd4 11. Qd2 Be7 12. Nd1 d5 13. c3 Nc6 14. Nf2 h6 15.
exd5 Nxd5 16. Rad1 Rd8 17. c4 Nc7 18. a3 b6 19. Nc3 Nd4 20. Bxd4 exd4 21. Ne2
O-O 22. Rde1 Rfe8 23. Nf4 Bg5 24. Ne4 Qe7 25. Nxg5 Qxg5 26. h4 Qf5 27. Re4 Ne6
28. Nxe6 Rxe6 29. Rxe6 fxe6 30. Qe2 Kf8 31. Re1 Ke7 32. Qe4 Qxe4 33. Rxe4 Rf8
34. f4 h5 35. Re1 Kd6 36. Rb1 Rf5 37. Re1 g6 38. Re4 e5 39. Kf2 Ke6 40. Kf3 Kf6
41. g4 hxg4+ 42. Kxg4 b5 43. b3 Rxf4+ 44. Rxf4+ exf4 45. Kxf4 bxc4 46. bxc4 a6
47. Kg4 Kf7 48. Kf3 Ke7 49. Ke4 Ke6 50. Kf4 Kf6 51. Kg4 Kf7 52. Kf3 Ke7 53. Kf4
Kf6 1/2-1/2

[Event "26. Copenhagen Open  (Politiken Cup)"]
[Site "Taastrup"]
[Date "2004.07.29"]
[Round "7"]
[White "Hansen, Rene Rauer"]
[Black "Thorgeirsson, Sverrir"]
[Result "1-0"]
[WhiteElo "2066"]
[BlackElo "1360"]
[PlyCount "118"]
[EventDate "2004.07.24"]
[EventType "swiss"]
[EventRounds "10"]
[EventCountry "DEN"]
[SourceDate "2004.01.01"]

1. d4 d5 2. Nf3 Nf6 3. c4 e6 4. cxd5 exd5 5. g3 Bf5 6. Qb3 Qc8 7. Nc3 c6 8. Bg5
Nbd7 9. Rc1 Be7 10. Bg2 Nb6 11. Ne5 Qe6 12. O-O O-O 13. Rfe1 Rfd8 14. a4 Rab8
15. a5 Nbd7 16. Bf4 Nxe5 17. Bxe5 Bd6 18. Bxd6 Qxd6 19. Na4 Nd7 20. Qc3 Re8 21.
b4 a6 22. Nc5 Re7 23. Qd2 Kf8 24. Rc3 Qc7 25. Bxd5 Nxc5 26. Rxc5 Rd8 27. Bxc6
bxc6 28. Rxf5 Qd7 29. Rf4 g5 30. Rf6 Qxd4 31. Qxd4 Rxd4 32. Rxc6 Rxb4 33. Rxa6
Ra4 34. e3 Re5 35. Ra8+ Kg7 36. a6 Rea5 37. Rd1 Rxa6 38. Rxa6 Rxa6 39. g4 Kg6
40. Rd7 f6 41. Rd5 Ra4 42. h3 h5 43. gxh5+ Kxh5 44. Kg2 Kg6 45. f3 Ra3 46. e4
Re3 47. Kg3 Re2 48. h4 gxh4+ 49. Kxh4 Rg2 50. Kh3 Rg1 51. Kh2 Rg5 52. Rxg5+
Kxg5 53. Kg3 Kg6 54. Kg4 Kg7 55. Kf5 Kf7 56. f4 Ke7 57. Kg6 Ke6 58. Kg7 f5 59.
e5 Ke7 1-0

[Event "26. Copenhagen Open  (Politiken Cup)"]
[Site "Taastrup"]
[Date "2004.07.29"]
[Round "7"]
[White "Hein, Jacob"]
[Black "Jensen, Jan Erik"]
[Result "1-0"]
[WhiteElo "1351"]
[BlackElo "1259"]
[PlyCount "111"]
[EventDate "2004.07.24"]
[EventType "swiss"]
[EventRounds "10"]
[EventCountry "DEN"]
[SourceDate "2004.01.01"]

1. Nf3 Nc6 2. d4 d5 3. c4 dxc4 4. d5 Nb8 5. Nc3 a6 6. a4 Nf6 7. e4 Bg4 8. Bxc4
g6 9. e5 Nfd7 10. Qd4 Bxf3 11. gxf3 Bg7 12. f4 O-O 13. Rg1 Re8 14. Be3 Nf8 15.
f5 Nbd7 16. fxg6 hxg6 17. f4 e6 18. O-O-O Nb6 19. Bb3 exd5 20. Nxd5 Nxd5 21.
Qxd5 Qxd5 22. Rxd5 c6 23. Rd6 Rad8 24. Rgd1 Rxd6 25. Rxd6 Re7 26. a5 Rd7 27.
Rd4 Rxd4 28. Bxd4 Bh6 29. Be3 Ne6 30. Bxe6 fxe6 31. Kc2 Kf8 32. h4 Ke8 33. Kd3
Kd7 34. Ke4 Ke8 35. b3 Bf8 36. Kf3 Kf7 37. Bb6 Be7 38. Bf2 Kg7 39. Kg4 Kh6 40.
Be3 Kh7 41. Bb6 Kg8 42. Bc7 Kf7 43. Bd6 Bd8 44. b4 Kg7 45. Bc5 Kf7 46. h5 gxh5+
47. Kxh5 Kg7 48. Kg4 Kg6 49. Be3 Be7 50. Bc5 Bd8 51. Bd6 Kh6 52. f5 exf5+ 53.
Kxf5 Kg7 54. Ke6 Bg5 55. Kd7 Bh4 56. Kc7 1-0

[Event "26. Copenhagen Open  (Politiken Cup)"]
[Site "Taastrup"]
[Date "2004.07.29"]
[Round "7"]
[White "Helin, Mikael"]
[Black "Tidman, Sophie E"]
[Result "0-1"]
[WhiteElo "1939"]
[BlackElo "2133"]
[PlyCount "70"]
[EventDate "2004.07.24"]
[EventType "swiss"]
[EventRounds "10"]
[EventCountry "DEN"]
[SourceDate "2004.01.01"]

1. e4 e6 2. Nf3 d5 3. e5 c5 4. b4 cxb4 5. d4 Bd7 6. g3 Qb6 7. a4 Nc6 8. Bb2 Nh6
9. Nbd2 Nf5 10. Nb3 Be7 11. g4 Nh6 12. h3 f5 13. g5 Nf7 14. h4 Na5 15. Nxa5
Qxa5 16. Bd3 Rc8 17. Kf1 Bc6 18. Qe2 g6 19. Nd2 h6 20. gxh6 Rxh6 21. Nf3 Kd7
22. h5 Rg8 23. Bc1 g5 24. Bd2 Kc8 25. Kg2 Rh7 26. Rac1 g4 27. Nh4 Bxh4 28. Rxh4
Ng5 29. c3 Nf3 30. cxb4 Nxh4+ 31. Kg3 Qd8 32. h6 Nf3 33. Rh1 Nxd2 34. Qxd2 Qg5
35. b5 Qxd2 0-1

[Event "26. Copenhagen Open  (Politiken Cup)"]
[Site "Taastrup"]
[Date "2004.07.29"]
[Round "7"]
[White "Hjelm, Niclas"]
[Black "Roder, Peter"]
[Result "1-0"]
[WhiteElo "2339"]
[BlackElo "2166"]
[PlyCount "81"]
[EventDate "2004.07.24"]
[EventType "swiss"]
[EventRounds "10"]
[EventCountry "DEN"]
[SourceDate "2004.01.01"]

1. d4 Nf6 2. c4 g6 3. Nc3 d5 4. Nf3 Bg7 5. cxd5 Nxd5 6. e4 Nxc3 7. bxc3 c5 8.
Rb1 O-O 9. Be2 Nc6 10. d5 Bxc3+ 11. Bd2 Bxd2+ 12. Qxd2 Nd4 13. Nxd4 cxd4 14.
Qxd4 Qa5+ 15. Qd2 Qxd2+ 16. Kxd2 Rd8 17. Ke3 e6 18. Bc4 b6 19. Rhd1 Kf8 20.
Rbc1 Ke7 21. Bb5 exd5 22. Rc7+ Kf6 23. Bc6 Rb8 24. exd5 a6 25. Rd4 h5 26. h3 g5
27. g4 hxg4 28. hxg4 b5 29. Re4 Kg6 30. Be8 Rb7 31. Bxf7+ Kg7 32. Rxb7 Bxb7 33.
Re7 Ba8 34. Be6+ Kf6 35. Rf7+ Kg6 36. Rf5 a5 37. Kd4 b4 38. Ke5 a4 39. Rf6+ Kg7
40. Rf7+ Kg6 41. Ra7 1-0

[Event "26. Copenhagen Open  (Politiken Cup)"]
[Site "Taastrup"]
[Date "2004.07.29"]
[Round "7"]
[White "Holstein, Erik"]
[Black "Frank Nielsen, Marie"]
[Result "1/2-1/2"]
[WhiteElo "2103"]
[BlackElo "1895"]
[PlyCount "32"]
[EventDate "2004.07.24"]
[EventType "swiss"]
[EventRounds "10"]
[EventCountry "DEN"]
[SourceDate "2004.01.01"]

1. e4 e6 2. d4 b6 3. Nf3 Bb7 4. Bd3 d5 5. e5 c5 6. c3 Qc7 7. Bf4 Nd7 8. Bg3 h6
9. Qe2 Ne7 10. Nbd2 Nc6 11. O-O Be7 12. b3 O-O-O 13. Rfc1 g5 14. Ne1 h5 15. h3
Rdg8 16. Nc2 Qd8 1/2-1/2

[Event "26. Copenhagen Open  (Politiken Cup)"]
[Site "Taastrup"]
[Date "2004.07.29"]
[Round "7"]
[White "Hvenekilde, Jorgen"]
[Black "Hyldkrog, Lars"]
[Result "1/2-1/2"]
[WhiteElo "2239"]
[BlackElo "2080"]
[PlyCount "62"]
[EventDate "2004.07.24"]
[EventType "swiss"]
[EventRounds "10"]
[EventCountry "DEN"]
[SourceDate "2004.01.01"]

1. d4 Nf6 2. c4 e6 3. Nc3 Bb4 4. e3 c5 5. Nge2 cxd4 6. exd4 d5 7. a3 Be7 8. c5
O-O 9. b4 b6 10. Bf4 Bd7 11. g3 Nh5 12. Bg2 Nxf4 13. Nxf4 Bf6 14. Rc1 a5 15.
O-O axb4 16. axb4 Nc6 17. b5 Nxd4 18. c6 Bc8 19. Re1 Ra5 20. Bf1 Re8 21. Bd3
Re7 22. Nh5 Rea7 23. Nxf6+ Qxf6 24. Nxd5 Qd8 25. Nc3 f6 26. Bc4 Kh8 27. f4 Re7
28. Qd3 e5 29. Rcd1 Bg4 30. Nd5 Re8 31. fxe5 Nf3+ 1/2-1/2

[Event "26. Copenhagen Open  (Politiken Cup)"]
[Site "Taastrup"]
[Date "2004.07.29"]
[Round "7"]
[White "Hyldkrog, Mikkel"]
[Black "Christensen, Janus"]
[Result "0-1"]
[WhiteElo "1591"]
[BlackElo "2054"]
[PlyCount "60"]
[EventDate "2004.07.24"]
[EventType "swiss"]
[EventRounds "10"]
[EventCountry "DEN"]
[SourceDate "2004.01.01"]

1. c4 e5 2. Nc3 g6 3. g3 Bg7 4. Bg2 Ne7 5. e3 c5 6. Nge2 Nbc6 7. b3 O-O 8. Bb2
d6 9. O-O Be6 10. Nd5 Bxd5 11. cxd5 Nb4 12. d4 exd4 13. exd4 Nbxd5 14. Qd2 Rc8
15. dxc5 Bxb2 16. Qxb2 Rxc5 17. Rfd1 Qc7 18. Rac1 Qb6 19. Rxc5 Qxc5 20. Qd2 Re8
21. Nf4 Nxf4 22. Qxf4 d5 23. h4 Rc8 24. h5 Rd8 25. h6 Qd6 26. Qd4 Nf5 27. Qxa7
Qe7 28. Bxd5 Nxh6 29. Qd4 Rd6 30. Bxf7+ Nxf7 0-1

[Event "26. Copenhagen Open  (Politiken Cup)"]
[Site "Taastrup"]
[Date "2004.07.29"]
[Round "7"]
[White "Jacobsen, Hans Endrup"]
[Black "Tuomisto, Keijo"]
[Result "1-0"]
[WhiteElo "2102"]
[BlackElo "1951"]
[PlyCount "51"]
[EventDate "2004.07.24"]
[EventType "swiss"]
[EventRounds "10"]
[EventCountry "DEN"]
[SourceDate "2004.01.01"]

1. d4 Nf6 2. Nf3 d5 3. c4 dxc4 4. Nc3 c6 5. a4 e6 6. e4 Qa5 7. Bd2 Bb4 8. Bxc4
O-O 9. O-O e5 10. Nxe5 Qc7 11. Re1 a5 12. Qb3 Na6 13. Bf4 Nh5 14. Be3 Qe7 15.
Qd1 Nf6 16. Bg5 h6 17. Ng6 Qd8 18. Bxf6 Qxf6 19. Nxf8 Kxf8 20. Re3 Qe7 21. Qh5
f6 22. e5 f5 23. Qg6 Nc7 24. e6 Bxc3 25. bxc3 Qf6 26. e7+ 1-0

[Event "26. Copenhagen Open  (Politiken Cup)"]
[Site "Taastrup"]
[Date "2004.07.29"]
[Round "7"]
[White "Jensen, Jannick"]
[Black "Brorsen, Jacob Abildlund"]
[Result "1-0"]
[WhiteElo "1994"]
[BlackElo "1530"]
[PlyCount "39"]
[EventDate "2004.07.24"]
[EventType "swiss"]
[EventRounds "10"]
[EventCountry "DEN"]
[SourceDate "2004.01.01"]

1. e4 e5 2. Bc4 Bc5 3. Nf3 Nc6 4. d3 Nf6 5. Bg5 h6 6. Bh4 d6 7. O-O O-O 8. c3
Be6 9. Nbd2 Nb8 10. d4 exd4 11. cxd4 Bb4 12. Bxe6 fxe6 13. Qb3 Nc6 14. Qxe6+
Kh8 15. d5 Re8 16. Bxf6 Rxe6 17. Bxd8 Re8 18. dxc6 Raxd8 19. cxb7 Rb8 20. a3
1-0

[Event "26. Copenhagen Open  (Politiken Cup)"]
[Site "Taastrup"]
[Date "2004.07.29"]
[Round "7"]
[White "Jensen, Paul Johan"]
[Black "Zyde, Furat"]
[Result "1-0"]
[WhiteElo "1358"]
[BlackElo "1069"]
[PlyCount "63"]
[EventDate "2004.07.24"]
[EventType "swiss"]
[EventRounds "10"]
[EventCountry "DEN"]
[SourceDate "2004.01.01"]

1. c4 c5 2. g3 e5 3. Bg2 Ne7 4. Nc3 d6 5. e3 Nbc6 6. Nge2 Bg4 7. h3 Bf5 8. d4
exd4 9. exd4 cxd4 10. Nxd4 Qd7 11. Nxf5 Nxf5 12. O-O Be7 13. Nd5 O-O 14. b3 Bd8
15. Bb2 Bb6 16. Qg4 Qe6 17. Be4 g6 18. Nf6+ Kh8 19. Bxf5 Qxf5 20. Nd7+ Ne5 21.
Qxf5 gxf5 22. Nxf8 Rxf8 23. Kg2 f6 24. Rad1 Bc5 25. f4 Nd7 26. Rfe1 Rf7 27. Rd5
Kg7 28. Rxf5 Kg6 29. g4 h5 30. Rxh5 f5 31. Re6+ Nf6 32. Rg5+ 1-0